000
00393nam a22001697a 4500
003
MPLRDC
005
20220104124151.0
008
210129b ||||| |||| 00| 0 eng d
082
_a
876.5 VERN
100
_a
JULES VERNE
245
_a
归乡
_c
徐进夫译
250
_a
四版
260
_a
_b
晨钟出版社
_c
1976
300
_b
精
650
_a
法国文学
942
_c
BK
_o
876.5 VERN
999
_c
17169
_d
17159